000 00282nam a22001217a 4500
020 _a0-408-70479-9
082 _a621.3 TAG'E
100 _aTAGG, G. F
_978956
245 _aELECTRICAL INDICATING INSTRUMENTS
260 _aLONDON
_bBUTTTERWORTH
_c1974
300 _a227P
942 _cBK
999 _c584027
_d584027